| 000 | 00608cam a22001814a 4500 | ||
|---|---|---|---|
| 020 | _a0792363329 (hc. : alk. paper) | ||
| 040 | _cDLC | ||
| 082 | 0 | 0 | _a572 KLU 2001 A026 Or. |
| 245 | 0 | 0 | _aRegulation of photosynthesis / |
| 260 |
_aDordrecht ; _aBoston : _bKluwer Academic Publishers, _cc2001. |
||
| 300 |
_axviii, 7, 613 p. : _bill. ; _c27 cm. |
||
| 650 | 0 | _aPhotosynthesis | |
| 700 | 1 | _aAro, Eva-Mari. | |
| 700 | 1 | _aAndersson, Bertil. | |
| 856 | 4 | 2 | _uhttp://www.loc.gov/catdir/enhancements/fy0821/2001044371-d.html |
| 856 | 4 | 1 | _uhttp://www.loc.gov/catdir/enhancements/fy0821/2001044371-t.html |
| 942 | _cEK | ||
| 999 |
_c13241 _d13241 |
||